000 00825nam a22002177a 4500
008 090203t xxu||||| |||| 00| 0 eng d
010 _aENG-92788
020 _c180.00
_a9788190755313
035 _aEN-76321
037 _bDBAD / PUB
040 _adpl
_bEnglish
082 _a658.4
100 _aMurugan,V.
245 _aPrinciples of management /
_cby V. Murugan
260 _aChennai
_bKavin Publications
_c(200?)
270 _a#19, Guruvaurappan Building, 9,10, Khanabagh IIIrd Lane, Triplicane,
_bChennai
_e600005
300 _a196p.
_c26cm (pbk)
650 _aIndustrial management.
942 _2ddc
_cEN
_mMUR
_h658.4
999 _c22907
_d22907